الجاسوسية بين الوقاية والعلاج / (Record no. 15914)
[ view plain ]
| 000 -الفاتح | |
|---|---|
| حقل البيانات ثابتة الطول | 00839nam a22001817a 4500 |
| 008 - عناصر البيانات ثابتة الطول - معلومات عامة | |
| حقل البيانات ثابتة الطول | 110824s1994 ua|||||| || 00| 0 ara |
| 082 ## - رقم تصنيف ديوى العشرى | |
| رقم الطبعة | 22 |
| رقم التصنيف | 327.12 |
| رقم المادة | هـ ا ن |
| 100 1# - المدخل الرئيسى - إسم شخصى | |
| 9 (RLIN) | 26898 |
| الإسم الشخصى | هانى ، أحمد |
| 245 ## - بيان العنوان | |
| العنوان | الجاسوسية بين الوقاية والعلاج / |
| بيان المسئوليه,etc | أحمد هانى |
| 260 ## - PUBLICATION, DISTRIBUTION, ETC. (IMPRINT) | |
| مكان الناشر او الموزع | [القاهرة] : |
| اسم الناشر او الموزع | طباعة الشركة المتحدة للنشر والتوزيع ، |
| تاريخ النشر أو التوزيع | [1994]. |
| 300 ## - الوصف المادى | |
| التعداد | 301 ص : |
| تفاصيل ماديه اخرى للوعاء | صور ؛ |
| أبعاد الوعاء | 24 سم. |
| 504 ## - تبصرة ببليوجرافية | |
| تبصرة ببليوجرافية,الخ | يشتمل على إرجاعات ببليوجرافية 291 - 296 |
| 650 #0 - المدخل الاضافى بالموضوع-مصطلح موضوعى | |
| 9 (RLIN) | 26900 |
| مصطلح موضوعي أو اسم جغرافي كعنصر مدخل | الجاسوسية |
| 650 #0 - المدخل الاضافى بالموضوع-مصطلح موضوعى | |
| 9 (RLIN) | 26901 |
| مصطلح موضوعي أو اسم جغرافي كعنصر مدخل | مكافحة الجاسوسية |
| 653 ## - مصطلح تكشيفى غير مقيد | |
| Resource For college | |
| Arrived date list | August2011 |
| 942 ## - عناصر المدخل الإضافي( كوها) | |
| مصدر التصنيف او مخطط الترفيف | Dewey Decimal Classification |
| Koha [default] item type | Book - Borrowing |
| حالة التراجع | حالة الفقد | مصدر التصنيف او خطة الترفيف | حالة تلف | ليس للاعارة | مجموعات كوها | المكان الدائم | المكان الحالي | موقع الترفيف | تاريخ الاكتساب | Source of acquisition | رقم الاستدعاء | الباركود | Date last seen | نوع الوعاء |
|---|---|---|---|---|---|---|---|---|---|---|---|---|---|---|
| Dewey Decimal Classification | Alef-Baa | Central Library | Central Library | First floor | 24/08/2011 | 327.12 هـ ا ن | 000024612 | 15/07/2025 | Book - Borrowing |